Air Pollution Monitoring System / (Record no. 603372)

000 -LEADER
fixed length control field 00756nam a22001697a 4500
003 - CONTROL NUMBER IDENTIFIER
control field NUST
040 ## - CATALOGING SOURCE
Original cataloging agency 0
082 ## - DEWEY DECIMAL CLASSIFICATION NUMBER
Classification number 621.382,BUK
245 ## - TITLE STATEMENT
Title Air Pollution Monitoring System /
Statement of responsibility, etc. Malik Saad Raees, Syed Tauqeer Ul Hassan, Saleh Shah and Hammad Qazi. (TCC-31 / BETE-56)
264 ## - PRODUCTION, PUBLICATION, DISTRIBUTION, MANUFACTURE, AND COPYRIGHT NOTICE
Place of production, publication, distribution, manufacture Rawalpindi
Name of producer, publisher, distributor, manufacturer MCS (NUST)
Date of production, publication, distribution, manufacture, or copyright notice 2023
300 ## - PHYSICAL DESCRIPTION
Extent 67 p.;
505 ## - FORMATTED CONTENTS NOTE
Formatted contents note Introduction (Page-1), Literature Review (Page-17), Causes And Effects Of Gases (Page-26), Achieved Goals (Page-42), Components (Page-47), Wi‐Fi Adapter (Page-53), Future Research And Potential Uses (Page-55), References And Work Cited (Page-65).
650 ## - SUBJECT ADDED ENTRY--TOPICAL TERM
Topical term or geographic name entry element UG EE Project
690 ## - LOCAL SUBJECT ADDED ENTRY--TOPICAL TERM (OCLC, RLIN)
Topical term or geographic name as entry element TCC-31 / BETE-56
700 ## - ADDED ENTRY--PERSONAL NAME
Personal name Supervised by Dr. Fahim Arif
942 ## - ADDED ENTRY ELEMENTS (KOHA)
Source of classification or shelving scheme
Koha item type Project Report
Holdings
Withdrawn status Permanent Location Current Location Shelving location Date acquired Full call number Barcode Koha item type
  Military College of Signals (MCS) Military College of Signals (MCS) Thesis 10/09/2023 621.382,BUK MCSPTC-461 Project Report
© 2023 Central Library, National University of Sciences and Technology. All Rights Reserved.